000 00926cab a2200253 4500
001 ABS59986
008 090401t1999 xxu||||| |||| 00| 0 eng d
035 _a(Sirsi) u90850
041 _aeng
100 _aRoper, C.
245 _aThink nationally, act locally
260 _c1999
350 _a0
490 _aMapping Awareness
_v13(1) January 1999, 26-27(2)
520 _aFollowing their production of a National Street Gazetteer, Local Government Information House Ltd looks set to move on to create a National Land and Property Gazeteer, which will form the basis of the National Land Information Service, a system to make computer access to land information easier.
650 _aDATABASES
650 _aLAND INFORMATION
650 _aLOCAL GOVERNMENT INFORMATION HOUSE
650 _aNATIONAL LAND INFORMATION SERVICE
650 _aORDNANCE SURVEY
690 _aLAND
942 _n0
948 _c21/01/1999
999 _c57629
_d57629